Intensive beef production /

Bibliographic Details
Main Author: Preston, T. R. (Thomas Reginald)
Other Authors: Willis, Malcolm Beverley
Format: Book
Language:English
Published: Oxford, New York : Pergamon Press, [1974]
Edition:2d ed.
Subjects:

MARC

Tag First Indicator Second Indicator Subfields
LEADER 00000pam a2200000 4500
001 in00000474021
005 20151013051131.0
008 740321s1974 enka b 00110 eng
010 |a  74005276  
020 |a 0080177883 
035 |a (OCoLC)00866539 
035 |9 ACA8706AM 
040 |a DLC  |c DLC  |d TXA  |d UtOrBLW 
049 |a TXAM  |c 1 [1133816], 2 [1372415] 
050 1 0 |a SF207  |b .P78 1974 
082 0 |a 636.2/1/3 
100 1 |a Preston, T. R.  |q (Thomas Reginald) 
245 1 0 |a Intensive beef production /  |c by T. R. Preston and M. B. Willis. 
250 |a 2d ed. 
264 1 |a Oxford,  |a New York :  |b Pergamon Press,  |c [1974] 
300 |a xxiii, 566 pages :  |b illustrations ;  |c 25 cm. 
336 |a text  |b txt  |2 rdacontent 
337 |a unmediated  |b n  |2 rdamedia 
338 |a volume  |b nc  |2 rdacarrier 
504 |a Bibliography: pages 447-537. 
650 0 |a Beef cattle. 
700 1 |a Willis, Malcolm Beverley. 
999 |a MARS 
999 f f |s ba3e4598-5e67-3a94-8d2f-4a5a3840f5f9  |i 68ad72d8-3e3e-3f64-b9f5-5a89f8caa087  |t 0 
952 f f |p ric  |a Texas A&M University  |b Rellis Campus  |c Joint Library Facility  |d Remote Storage  |t 0  |e SF207 .P78 1974  |h Library of Congress classification  |i unmediated -- volume  |m A14805233914 
952 f f |p normal  |a Texas A&M University  |b College Station  |c Sterling C. Evans Library  |d Evans: Library Stacks  |t 0  |e SF207 .P78 1974  |h Library of Congress classification  |i unmediated -- volume  |m A14805233922 
998 f f |a SF207 .P78 1974  |t 0  |l Remote Storage 
998 f f |a SF207 .P78 1974  |t 0  |l Evans: Library Stacks